Guess the 5 Seconds of Summer song with no hints #4 5SOS - Statistics

General Stats
  • This quiz has been taken 91 times
  • The average score is 212 of 376
Answer Stats
Answer % Correct
I
99%
you
96%
You
96%
you),
96%
a
95%
we
87%
We
87%
me
81%
when
81%
go
80%
the
80%
to
80%
where
77%
it
71%
your
69%
And
67%
in
67%
were
64%
don't
63%
Don't
63%
on
60%
was
60%
can
57%
see
57%
know,
56%
know
56%
like
56%
of
56%
got
55%
back
53%
get
53%
all,
52%
all
52%
say
51%
that
49%
wanna
49%
it's
47%
at
45%
night
45%
out
45%
started,
44%
would
44%
right
43%
word
41%
can't
40%
had
40%
Yeah,
39%
Never
37%
thought
35%
from
33%
Remember
33%
San
33%
than
33%
Francisco,
32%
more
32%
(Oh-oh)
32%
still
32%
gotta
31%
yesterday
31%
let
29%
summer
29%
taste
27%
Drove
25%
end
24%
fall
24%
anything,
23%
anything
23%
Long
23%
into
21%
Even
20%
fell
20%
free
20%
world
20%
deserved
19%
infinity
19%
perfume
19%
smell
19%
Without
19%
(Without
19%
asleep
17%
held
17%
Making
17%
rule
17%
runnin'
17%
sea
17%
weekend
17%
firelight
16%
Holdin'
16%
Leaves
16%
plans
16%
till
16%
town?
16%
trees
16%
memories
15%
mountains
15%
Reminds
15%
sand
15%
swear
15%
tallest
15%
wind
15%
crumble
13%
hair
13%
haunting
12%
blowin'
11%
(Ah-ah)
9%
No matching quizzes found
Score Distribution
Percent of People with Each Score
Percentile by Number Answered
Your Score History
You have not taken this quiz